000 00830nam a2200265 i 4500
001 bg
100 1 _aDĘBICKI, Piotr
245 1 0 _aHipertermia mikrofalowa w leczeniu gruczołu krokowego :
_bproblemy fizyczne i techniczne /
_cPiotr Dębicki.
260 _aGdańsk :
_bWydaw. PG,
_c1999.
300 _a203 s. :
_bil. ;
_c24 cm.
490 1 _aMonografie / Politechnika Gdańska ;
_v11
500 _aStreszcz. ang.
504 _aBibliogr.
650 9 _aMikrofale
_xstosowanie
_xmedycyna
650 9 _aPrzegrzanie lecznicze
650 9 _aStercz
_xchoroby
_xleczenie
_xmetody
830 0 _aMonografie (Politechnika Gdańska) ;
_v11
020 _a8388007297
040 _cBPK
041 0 _apl
_ben
080 _a616.6-084:615.8:621.396
920 _a83-88007-29-7
942 _cKS
008 s pl f |000 0 pol
999 _c38414
_d38414
856 _uhttp://koha.tu.koszalin.pl/cgi-bin/koha/opac-detail.pl?biblionumber=38414
_yKatalog online BPK